000 00468nam a2200145Ia 4500
003 OSt
005 20260130105823.0
008 211028s2018 xx 000 0 und d
040 _cAIMIT LIBRARY
041 _aeng
100 _aSachin B; Pereira, Divya.
_g1616169
_97922
245 _aImpact of brand on buying behaviour of customer: a study with regarding to maruti suzuki B- Segment cars Mangalore /
260 _aMangalore
_bDivya Pereira.
_c2018
942 _2ddc
_cPRO
999 _c219490
_d219490